000 00405cam a22001457a 4500
008 180718b1957 xxu||||| |||| 00| 0 eng d
082 _aT2531 M927
100 _aMunshi, M.C.
245 _aA report on productivity
_cby M.C. Munshi
260 _aNew Delhi
_bEastern Economist
_c1957
300 _a62p.
440 _aEastern Economist Pamphlets, No.42
500 _aRs.1.00
650 _alabour Productivity
999 _c374863
_d374863